| 000 | 00452nam a2200181Ia 4500 | ||
|---|---|---|---|
| 001 | 15550 | ||
| 005 | 20260306170204.0 | ||
| 008 | 260306t2015||||xx |||||||||||||| ||und|| | ||
| 041 | _aESP | ||
| 082 |
_a546 _bC31 V. 1 |
||
| 100 |
_aCarriedo Ule, Gabino A. _eAUT |
||
| 245 | 0 |
_aQuímica inorgánica: _belementos representativos |
|
| 260 | _c2015 | ||
| 300 |
_a300 páginas : _c23 cm. |
||
| 650 | _aGEN | ||
| 654 | _aCCN | ||
| 942 |
_cLIB _dJUS _fJUS _2ddc _n |
||
| 999 |
_c15550 _d15550 |
||